000 00695nam a2200289Ia 4500
005 20260324125535.0
008 008 260324s9999 xx 000 0 eng d
020 _a9780203871584
037 _aEBOOK
040 _aCRL
040 _beng
040 _cCRL
041 _2eng
041 _aeng
084 _qCRL
100 _aCameron I. Crouch
_91178361
245 0 _aManaging Terrorism and Insurgency
245 0 _bRegeneration, Recruitment and Attrition
260 _bTaylor and Francis
260 _c2009
365 _a
365 _b160
856 _uhttp://www.taylorfrancis.com/books/9780203871584
942 _cEBOOK
999 _c1773741
_d1773741